| 000 | 00464nam a2200145Ia 4500 | ||
|---|---|---|---|
| 008 | 151213s9999 xx 000 0 und d | ||
| 100 | _aMichal R. Cazinkot &* Ilkka . A. Ronkalnen | ||
| 245 |
_aInternational Marketing _cMichal R. Cazinkot &* Ilkka . A. Ronkalnen |
||
| 260 |
_aPhildphia _bHarcaufk Brace College _c19990 |
||
| 300 | _a3484 p. | ||
| 650 | _aMarketing | ||
| 650 | _aMarketing | ||
| 700 | _aMichal R. Cazinkot &* Ilkka . A. Ronkalnen | ||
| 999 |
_c2307 _d2307 |
||